01004nam a22001217a 4500020001800000082001800018245007900036260004000115300001200155520060900167650008200776700002400858 a9780081020173 a025.04bANT-P aPractical for Informationistsb: Supporting Research and Clinical Practise aCambridgebChandos Publishingc2018 avi,92p. aA Practical Guide for Informationists: Supporting Research and Clinical Practice guides new informationists to a successful career, giving them a pathway to this savvier, more technically advanced, domain-focused role in modern day information centers and libraries. The book's broad scope serves as an invaluable toolkit for healthcare professionals, researchers and graduate students in information management, library and information science, data management, informatics, etc. Furthermore, it is also ideal as a textbook for courses in medical reference services/medical informatics in MLIS programs. aLibrary SciencevInformation sciencevMedical InformationvInformation System aDeRosa, Antonio P.